|
|
|
|
| LEADER |
00000nam0a2200000 4500 |
| 001 |
363801 |
| 005 |
20231102011626.0 |
| 035 |
|
|
|a (RuTPU)RU\TPU\retro\21148
|
| 035 |
|
|
|a RU\TPU\book\315522
|
| 090 |
|
|
|a 363801
|
| 100 |
|
|
|a 20211012d1956 k y0rusy50 ca
|
| 101 |
0 |
|
|a rus
|
| 102 |
|
|
|a RU
|
| 105 |
|
|
|a a z 001zy
|
| 200 |
1 |
|
|a Полукоксование углей Восточной Сибири
|e [сборник статей]
|f Академия Наук СССР(АН СССР), Восточно-Сибирский филиал ; под ред. В. А. Лариной
|
| 210 |
|
|
|a Иркутск
|c Иркутское кн. изд-во
|d 1956
|
| 215 |
|
|
|a 136 с.
|c ил.
|
| 225 |
1 |
|
|a Труды Восточно-Сибирского филиала
|v Вып. 9
|
| 225 |
1 |
|
|a Серия техническая
|
| 320 |
|
|
|a Библиогр. в конце статей
|
| 606 |
1 |
|
|a Полукоксование углей
|2 stltpush
|3 (RuTPU)RU\TPU\subj\33297
|9 55580
|
| 610 |
1 |
|
|a Восточная Сибирь
|
| 610 |
1 |
|
|a исследования
|
| 610 |
1 |
|
|a термография
|
| 610 |
1 |
|
|a месторождения
|
| 610 |
1 |
|
|a газовые теплоносители
|
| 610 |
1 |
|
|a нагрев
|
| 610 |
1 |
|
|a механическая прочность
|
| 610 |
1 |
|
|a брикетирование
|
| 610 |
1 |
|
|a обогащение
|
| 610 |
1 |
|
|a отходы
|
| 675 |
|
|
|a 662.742
|v 3
|
| 702 |
|
1 |
|a Ларина
|b В. А.
|4 340
|
| 712 |
0 |
2 |
|a Академия Наук СССР(АН СССР)
|b Восточно-Сибирский филиал
|c (Иркутск)
|c (1949-1988)
|2 stltpush
|3 (RuTPU)RU\TPU\col\20623
|
| 801 |
|
1 |
|a RU
|b 63413507
|c 20150409
|
| 801 |
|
2 |
|a RU
|b 63413507
|c 20211012
|g RCR
|
| 942 |
|
|
|c BK
|